Materiálna deprivácia detí na Slovensku diplomová práca

Saved in:
Bibliographic Details
Main Author: Duduczová, Anita
Corporate Author: Fakulta hospodárskej informatiky EU. Katedra štatistiky
Other Authors: Labudová, Viera, 1958-
Format: Book
Language:Slovak
Published: Bratislava 2018
Tags: Add Tag
No Tags, Be the first to tag this record!

MARC

LEADER 00000nbm a2200000 4500
001 0243488
005 20181010105450.1
041 0 |a slo 
044 |a SK 
245 1 0 |a Materiálna deprivácia detí na Slovensku  |b diplomová práca  |c Anita Duduczová ; školiteľ: Viera Labudová 
264 1 |a Bratislava  |c 2018 
300 |a 79 s. 
100 1 |a Duduczová, Anita 
700 1 |a Labudová, Viera, 1958- 
710 2 |a Fakulta hospodárskej informatiky EU. Katedra štatistiky